| 000 | 00965nam a2200301 i 4500 | ||
|---|---|---|---|
| 003 | EG-GICUC | ||
| 005 | 20260508084709.0 | ||
| 008 | 260508s1986 gb ||||fr|||| 00| 0 eng d | ||
| 040 |
_aEG-GiCUC _beng _cEG-GiCUC _dEG-GiCUC _eRda |
||
| 041 | 0 | _aeng | |
| 082 | 0 | 4 |
_221 _a343.766 _bRU . B |
| 092 | 0 | 4 | _221 |
| 099 | _aLaw1 10 343.766 RU . B 1986 | ||
| 100 | 1 |
_aRutherford, Andrew _eAuthor. |
|
| 245 | 1 | 0 |
_aPrisons and the process of justice / _cby Andrew Rutherford |
| 264 | 3 |
_a Oxford : _bOxford University Press, _c1986. |
|
| 300 |
_a217 page ; _c 24 cm. _billustrations, |
||
| 336 |
_2rda contenu _a texte |
||
| 337 |
_2rda medias _aOrdinateur |
||
| 338 |
_2 transporteur rda _a Ressource en ligne |
||
| 504 | _aComprend des references bibliographiques. | ||
| 546 | _aText in English | ||
| 650 | 1 |
_aCriminal Law _2qrmak |
|
| 651 | 1 | _2qrmak | |
| 856 | 4 | 0 | _uhttps://fll.law.cu.edu.eg/fulltext/bks/B10-11619.pdf |
| 905 | _a74 | ||
| 942 |
_2ddc _n0 _cBK _e21 |
||
| 999 |
_c76244 _d76244 |
||